Statistics for European Geography By Letter - L

Click here to take the quiz!

General Stats

  • This quiz has been taken 48,436 times
    (48,406 since last reset)
  • The average score is 13 of 20

Answer Stats

Clue Answer % Correct
Capital of the UKLondon
100%
Capital of PortugalLisbon
96%
CountryLithuania
92%
CountryLatvia
92%
Paris's most famous museumLouvre
91%
Hometown of the BeatlesLiverpool
90%
CountryLuxembourg
88%
CountryLiechtenstein
86%
Former name of St. PetersburgLeningrad
81%
France's third largest cityLyon
77%
City in Ireland or clever rhyming poemLimerick
71%
Grecian isle home to SapphoLesbos
53%
Longest river in FranceLoire
53%
Branch of Protestanism that the
Church of Norway is part of
Lutheran
44%
District containing Windermere,
Ullswater, and Thirlmere
{Lake} District
43%
French pilgrimage site famous for
apparitions of the Virgin Mary
Lourdes
40%
Most populous and wealthiest
region in Italy
Lombardy
40%
Largest Scottish loch (by surface area)Loch Lomond
36%
Venice is built upon this type of
body of water
Lagoon
31%
German city where J.S. Bach lived
for most of his adult life
Leipzig
29%

Score Distribution

Percentile by Number Answered

Percent of People with Each Score

Your Score History

You have not taken this quiz since the last reset